[Event "British Columbia-ch U20"]
[Site "New Westminster"]
[Date "2010.11.13"]
[Round "1"]
[White "Lo, Ryan"]
[Black "He, Andy"]
[Result "1-0"]
[WhiteElo "1860"]
[BlackElo "1488"]
[PlyCount "116"]
[EventDate "2010.11.13"]
[EventType "swiss"]
[EventRounds "5"]
[EventCountry "CAN"]
[SourceTitle "EXT 2022"]
[Source "ChessBase"]
[SourceDate "2021.10.06"]
[SourceVersion "1"]
[SourceVersionDate "2021.10.06"]
[SourceQuality "1"]

1. d4 d5 2. c4 Nf6 3. cxd5 Nxd5 4. Nf3 e6 5. e4 Nf6 6. Nc3 Nc6 7. Be3 Be7 8. a3 a6 9. h3 b6 10. Bd3 Bb7 11. 0-0 h6 12. Bc2 Qd7 13. b4 Nh7 14. Qd3 Ng5 15. Bxg5 Bxg5 16. Nxg5 hxg5 17. d5 Ne7 18. Ba4 b5 19. Bb3 0-0 20. Qg3 exd5 21. exd5 c6 22. dxc6 Qxc6 23. Rac1 Qf6 24. Qc7 Rab8 25. Rfe1 Ng6 26. Nd5 Bxd5 27. Bxd5 Nf4 28. Rcd1 Rbc8 29. Qe5 Qxe5 30. Rxe5 Nxd5 31. Rexd5 Rc3 32. R1d3 Rfc8 33. Kf1 f6 34. Ke2 Kf7 35. Rd7+ Kg6 36. Ra7 Rxd3 37. Kxd3 Rc6 38. g4 Kh6 39. Kd4 g6 40. Kd5 Rb6 41. Kc5 Re6 42. Rb7 Re2 43. Rb6 Rxf2 44. Rxa6 f5 45. Kxb5 f4 46. Rc6 Re2 47. Rc1 f3 48. Rf1 f2 49. a4 Re5+ 50. Kc4 Re4+ 51. Kc5 Re5+ 52. Kd4 Re8 53. Rxf2 Ra8 54. a5 Rb8 55. Kc5 Kg7 56. b5 Rc8+ 57. Kb4 Kh7 58. a6 Ra8 1-0